Διοικητική λογιστική

Αποθηκεύτηκε σε:
Λεπτομέρειες βιβλιογραφικής εγγραφής
Κύριος συγγραφέας: Βαρβάκης, Κωνσταντίνος Α.
Μορφή: Βιβλίο
Γλώσσα:Greek
Δημοσίευση: Αθήνα : Παπαζήσης, c2005, 2006
Θέματα:
Ετικέτες: Προσθήκη ετικέτας
Δεν υπάρχουν, Καταχωρήστε ετικέτα πρώτοι!

MARC

LEADER 00000cam a2200000 i 4500
001 1/105632
008 090529s2005 gr | ||| |||| ||gre||
020 |a 9608543479 (set.) 
020 |a 9608543479 (τ.1) 
020 |a 9608915503 (τ.4) 
035 |l 10104906 
040 |a GR-MY-UA  |b gre  |e aacr 
041 0 |a gre 
082 0 |a 657.42 
100 1 |a Βαρβάκης, Κωνσταντίνος Α. 
245 1 0 |a Διοικητική λογιστική /  |c Κωνσταντίνου Ε. Βαρβάκη 
260 |a Αθήνα :   |b Παπαζήσης,   |c c2005, 2006 
300 |a τ.1: 724 σ., τ.4: 912 σ.;  |b πίν., σχέδια;  |c 25 εκ. 
500 |a Το Παράρτημα Χίου διαθέτει την έκδοση του 2005 για τον πρώτο τόμο και την έκδοση του 2006 για τον τέταρτο τόμο 
504 |a Περιλαμβάνει βιβλιογραφία και ευρετήριο 
505 0 |a τ.1: Θεωρία του κόστους: το κόστος και οι επιχειρηματικές αποφάσειςτ.4: Ο προγραμματισμός της δραστηριότητας των επιχειρήσεων και ο προπολογιστικός έλεγχος αυτής 
650 0 0 |a Cost accounting. 
650 0 0 |a Managerial accounting. 
650 0 0 |a Decision making. 
740 0 2 |a Θεωρία του κόστους 
740 0 2 |a Ο προγραμματισμός της δραστηριότητας των επιχειρήσεων και ο προπολογιστικός έλεγχος αυτής 
852 |a INST  |b CHIOS  |e 20090921  |h 657.42 ΒΑΡ  |p 005200029754  |q 005200029754  |t BK  |y 0  |z τ.4 
852 |a INST  |b CHIOS  |e 20090921  |h 657.42 ΒΑΡ  |p 005200029755  |q 005200029755  |t BK  |y 0  |z τ.4 
852 |a INST  |b CHIOS  |e 20090529  |h 657.42 ΒΑΡ  |p 005200030328  |q 005200030328  |t BK  |y 0  |z τ.1 
852 |a INST  |b CHIOS  |e 20090529  |h 657.42 ΒΑΡ  |p 005200030329  |q 005200030329  |t BK  |y 0  |z τ.1 
852 |a INST  |b CHIOS  |e 20090921  |h 657.42 ΒΑΡ  |p 005200029754  |q 005200029754  |t BK  |v τ.4:  |y 0  |z τ.4 
852 |a INST  |b CHIOS  |e 20090921  |h 657.42 ΒΑΡ  |p 005200029755  |q 005200029755  |t BK  |v τ.4:  |y 0  |z τ.4 
852 |a INST  |b CHIOS  |e 20090529  |h 657.42 ΒΑΡ  |p 005200030328  |q 005200030328  |t BK  |v τ.1:  |y 0  |z τ.1 
852 |a INST  |b CHIOS  |e 20090529  |h 657.42 ΒΑΡ  |p 005200030329  |q 005200030329  |t BK  |v τ.1:  |y 0  |z τ.1 
853 |a INST  |b CHIOS  |h 657.42 ΒΑΡ 
901 |a BIBL2-2009-2 
901 |a BIBL2-2009-3 
909 |a Χ  |b 147367 
909 |a Χ  |b 147366 
909 |a Χ  |b 147897 
909 |a Χ  |b 147896 
970 |a ΣΑΛΑΜΟΥΡΑ  |b ΜΑΡΙΑ  |z 2009/05/29